Podróż po Świecie - quiz geopolityczny #6 - Statystyki

Ogólne statystyki
  • Ten quiz został rozwiązany 241 razy
  • Średni wynik to 17 z 25
Statystyki odpowiedzi
Kierunek Państwa % Poprawnych
Zaczynasz w Polsce (zachód) Niemcy
100%
Północ Dania
98%
Północ Szwecja
96%
Południe Estonia
95%
Północny wschód Finlandia
95%
Wschód Rosja
95%
Południowy zachód Gruzja
77%
Południowy zachód Turcja
76%
Południe Syria
74%
Południowy zachód Izrael
72%
Zachód Egipt
71%
Południe Sudan
70%
Południowy wschód Erytrea
62%
Południe Etiopia
60%
Południe Kenia
59%
Południe Tanzania
58%
Zachód Demokratyczna Republika Konga
57%
Północ Libia
54%
Północ Czad
53%
Północ Republika Środkowoafrykańska
53%
Północ Włochy
53%
Południe Chorwacja
51%
Północny wschód Słowenia
50%
Wschód Czarnogóra
38%
Północ Serbia
38%
Nie znaleziono quizów pasujących do podanych kryteriów
Rozkład punktacji
Procent ludzi z każdym wynikiem
Percentyl według liczby udzielonych odpowiedzi
Twoja historia wyników
Nie rozwiązałeś tego quizu